Comarca del jazmín
Spremljeno u:
| Glavni autor: | |
|---|---|
| Format: | Knjiga |
| Jezik: | španjolski |
| Izdano: |
Santiago
Andrés Bello
1989
|
| Izdanje: | 4a. ed |
| Serija: | Biblioteca Andrés Bello, 40
|
| Teme: | |
| Oznake: |
Dodaj oznaku
Bez oznaka, Budi prvi tko označuje ovaj zapis!
|
MARC
| LEADER | 00000nam a2200000 a 4500 | ||
|---|---|---|---|
| 001 | UCH3847 | ||
| 003 | CL-VaPUC | ||
| 008 | 090818e19890000CL |||||||||||||||||spa|d | ||
| 082 | 0 | 4 | |a Ch863 |b CAS |2 21 |
| 100 | 0 | |a Castro, Oscar |e author |9 330530 | |
| 245 | 1 | 0 | |a Comarca del jazmín |
| 250 | |a 4a. ed | ||
| 300 | |a 152 p | ||
| 942 | |c BK | ||
| 945 | |d 20090818 00:00:00 |a lazolas | ||
| 260 | |a Santiago |b Andrés Bello |c 1989 | ||
| 650 | 0 | |a Cuentos chilenos |9 308280 | |
| 583 | |a last modification |c 20160520 16:16:50 |k Rodrigo Vera | ||
| 490 | 0 | |a Biblioteca Andrés Bello, 40 | |
| 999 | |c 335252 |d 335250 | ||